1687 1106 1446 1076 1559 1859 1668 1405 1520 1089 1428 1794 1555 1315 1972 1109 1848 1032 1845 1905 1367 1496 1528 1547 1547 1491 1529 1289 1816 1012 1792 1445 1337 1934 1585 1587 1601 1987 1984 1177 1170 1505 1953 1785 1398 1555 1919 1830 1477 1438 1601 1014 1108 1331 1535 1622 1176 1405 1920 1897 1987 1508 1451 1160 1099 1991 1624 1903 1005 1824 1742 1245 1572 1046 1840 1810 1395 1731 1655 1775 1490 1454 1770 1847 1590 1316 1116 1250 1212 1179 1241 1878 1306 1482 1499 1715 1022 1103 1526 BCNSPRNW ULIB Ver.6.0+V

เปลี่ยนเป็นภาษาไทย

Change to English
 แสดงรายละเอียดบรรณานุกรม
  กลับหน้าหลัก

Brief Record : Get Marc (ISO 2709) : E-mail record : QR code < ปิดหน้าต่าง
LEADER : 00000nas 2200000uu 4500
001    13399122390
003     ULIB
008    020711s|||| th a 000 0 tha d
110    สำนักงานสาธารณสุขจังหวัดนครราชสีมา
245    วารสารสาธารณสุขนครราชสีมา(วิทยาเขตนครสวรรค์)/^cสำนักงานสาธารณสุขจังหวัดนครราชสีมา
260    นครราชสีมา :^bสำนักงานสาธารณสุขจังหวัดนครราชสีมา,^cม.ป.ป.
310    ^aรายสองเดือน
850 ^a ULIB:campus^bปีที่ 21 ฉบับที่ 1 ;ปีที่ 21 ฉบับที่ 3 ;ปีที่ 21 ฉบับที่ 5 ;ปีที่ 22 ฉบับที่ 1 ;ปีที่ 22 ฉบับที่ 2
945    ^p0^l0^i800432
945    ^p0^l0^i800588
945    ^p0^l0^i800715
945    ^p0^l0^i800871
945    ^p0^l0^i800917
999    ^aทศพร เกษรทอง
รายการนี้ยังไม่มีแท็ก
คุณยังไม่ได้ล็อกอิน คุณสามารถมีกิจกรรมร่วมกับเว็บไซต์ได้ แต่ต้องล็อกอินก่อน ::
  ล็อกอิน

รายการสื่อสารสนเทศ (วารสาร)

ดูแบบ: กล่อง รายการ
ARRIVED
ปีที่ 21 ฉบับที่ 1
สถานที่: ห้องสมุดวิทยาเขตสวรรค์ประชารักษ์ >วารสาร
ARRIVED
ปีที่ 21 ฉบับที่ 3
สถานที่: ห้องสมุดวิทยาเขตสวรรค์ประชารักษ์ >วารสาร
ARRIVED
ปีที่ 21 ฉบับที่ 5
สถานที่: ห้องสมุดวิทยาเขตนครสวรรค์ >วารสาร
ARRIVED
ปีที่ 22 ฉบับที่ 1
สถานที่: ห้องสมุดวิทยาเขตนครสวรรค์ >วารสาร
ARRIVED
ปีที่ 22 ฉบับที่ 2
สถานที่: ห้องสมุดวิทยาเขตนครสวรรค์ >วารสาร

BibComment


ยังไม่เคยถูกคอมเมนท์

คอมเมนท์ทรัพยากรรายการนี้
  คอมเมนท์: วารสารสาธารณสุขนค..


 Copyright 2026. Bcnsprnw @Library